[Event "Cappelle Online Blitz op"]
[Site "Europe Echecs INT"]
[Date "2021.03.07"]
[Round "2"]
[White "De Hooghe, Albert"]
[Black "Dardha, Daniel"]
[Result "1-0"]
[WhiteElo "2094"]
[BlackElo "2516"]
[PlyCount "67"]
[EventDate "2021.03.07"]
[EventType "swiss (blitz)"]
[EventRounds "11"]
[EventCountry "FRA"]
[SourceTitle "CBM 201 Extra"]
[Source "ChessBase"]
[SourceDate "2021.05.31"]
[SourceVersion "1"]
[SourceVersionDate "2021.05.31"]
[SourceQuality "1"]

1. d4 Nf6 2. c4 c5 3. d5 a6 4. a4 e6 5. Nc3 Bd6 6. Bg5 0-0 7. Nf3 h6 8. Bh4 exd5 9. cxd5 Bc7 10. e3 d6 11. Bd3 Nbd7 12. Bb1 Rb8 13. Qc2 Re8 14. g4 Ne5 15. Nxe5 Rxe5 16. h3 b5 17. axb5 axb5 18. Ra7 g5 19. Bg3 Re7 20. h4 Ba5 21. Rxa5 Qxa5 22. Bxd6 b4 23. Bxe7 bxc3 24. Bxf6 cxb2+ 25. Bc3 Qb6 26. hxg5 h5 27. Rxh5 Kf8 28. Bf6 Ke8 29. Qa4+ Qb5 30. Qe4+ Be6 31. dxe6 Qa5+ 32. Kf1 Qb5+ 33. Kg2 fxe6 34. Qxe6+ 1-0

[Event "Cappelle Online Blitz op"]
[Site "Europe Echecs INT"]
[Date "2021.03.07"]
[Round "3"]
[White "Flom, Gabriel"]
[Black "De Hooghe, Albert"]
[Result "1-0"]
[WhiteElo "2474"]
[BlackElo "2094"]
[PlyCount "77"]
[EventDate "2021.03.07"]
[EventType "swiss (blitz)"]
[EventRounds "11"]
[EventCountry "FRA"]
[SourceTitle "CBM 201 Extra"]
[Source "ChessBase"]
[SourceDate "2021.05.31"]
[SourceVersion "1"]
[SourceVersionDate "2021.05.31"]
[SourceQuality "1"]

1. d4 Nf6 2. c4 d6 3. Nc3 g6 4. e4 Bg7 5. f3 0-0 6. Be3 e5 7. Nge2 Nc6 8. Qd2 Nh5 9. d5 Ne7 10. g4 Nf6 11. Bh6 Ne8 12. h4 f5 13. gxf5 gxf5 14. h5 f4 15. Bxg7 Kxg7 16. h6+ Kh8 17. 0-0-0 a6 18. Kb1 b5 19. cxb5 axb5 20. Nxb5 Bd7 21. Na3 Qb8 22. Qc3 c6 23. dxc6 Nxc6 24. Nc4 Be6 25. Nc1 Nd4 26. Rxd4 exd4 27. Qxd4+ Nf6 28. Nxd6 Qa7 29. Qxa7 Rxa7 30. Bc4 Bxc4 31. Nxc4 Rc7 32. b3 Rb8 33. Kc2 Rb5 34. Nd3 Rh5 35. Rxh5 Nxh5 36. a4 Kg8 37. Kc3 Rc6 38. b4 Kf7 39. Nde5+ 1-0

[Event "Cappelle Online Blitz op"]
[Site "Europe Echecs INT"]
[Date "2021.03.07"]
[Round "9"]
[White "Mallevaey, Guillaume"]
[Black "De Hooghe, Albert"]
[Result "1-0"]
[WhiteElo "1804"]
[BlackElo "2094"]
[PlyCount "85"]
[EventDate "2021.03.07"]
[EventType "swiss (blitz)"]
[EventRounds "11"]
[EventCountry "FRA"]
[SourceTitle "CBM 201 Extra"]
[Source "ChessBase"]
[SourceDate "2021.05.31"]
[SourceVersion "1"]
[SourceVersionDate "2021.05.31"]
[SourceQuality "1"]

1. c4 c5 2. g3 g6 3. Bg2 Bg7 4. Nc3 Nc6 5. e4 e6 6. Nge2 Nge7 7. d3 0-0 8. 0-0 h6 9. a3 a5 10. Rb1 b6 11. Nb5 d6 12. d4 cxd4 13. Nexd4 Nxd4 14. Nxd4 Bb7 15. Nb5 d5 16. exd5 exd5 17. Bf4 Bc6 18. Nc7 Rc8 19. cxd5 Bd7 20. d6 Nf5 21. Qb3 g5 22. Be3 Nxd6 23. Nd5 Rb8 24. Rfd1 Be6 25. Qd3 Nf5 26. Qe2 Re8 27. Qb5 Bxd5 28. Rxd5 Nd6 29. Qd3 Be5 30. Rd1 Re6 31. f4 gxf4 32. gxf4 Bxf4 33. Bxf4 Qf6 34. Bg3 Nf5 35. Rxf5 Qg6 36. Qf3 Rbe8 37. Rf1 Re3 38. Qf4 Re2 39. Rxf7 Rxg2+ 40. Kxg2 Re2+ 41. Rf2 Qc6+ 42. Qf3 Qxf3+ 43. R7xf3 1-0

[Event "Cappelle Online Rapid op"]
[Site "Europe Echecs INT"]
[Date "2021.03.06"]
[Round "6"]
[White "De Hooghe, Albert"]
[Black "Levannier Gouel, Marius"]
[Result "1-0"]
[WhiteElo "2094"]
[BlackElo "1676"]
[PlyCount "89"]
[EventDate "2021.03.06"]
[EventType "swiss (rapid)"]
[EventRounds "9"]
[EventCountry "FRA"]
[SourceTitle "CBM 201 Extra"]
[Source "ChessBase"]
[SourceDate "2021.05.31"]
[SourceVersion "1"]
[SourceVersionDate "2021.05.31"]
[SourceQuality "1"]

1. d4 d5 2. c4 e6 3. Nc3 c5 4. cxd5 exd5 5. Nf3 Nc6 6. g3 Nf6 7. Bg2 Be7 8. 0-0 0-0 9. dxc5 d4 10. Na4 Bf5 11. a3 Be4 12. Nh4 Qd5 13. Bxe4 Nxe4 14. b4 a5 15. Nb6 Qh5 16. Nf3 Rad8 17. Bf4 Bf6 18. Bd6 Nxd6 19. cxd6 Rxd6 20. Nc4 Rdd8 21. Rb1 axb4 22. axb4 b5 23. Na5 Ne5 24. Nxe5 Bxe5 25. Qd3 Rd6 26. f4 Rh6 27. Rf2 Bf6 28. Rc1 Re8 29. Rc5 Qh3 30. Qxb5 Kf8 31. Rg2 d3 32. Qxd3 Rd8 33. Rd5 Rc8 34. Nc4 Qe6 35. e4 Qa6 36. Rc2 Qa1+ 37. Qd1 Qa7+ 38. Kg2 Be7 39. b5 Qb7 40. b6 Qc6 41. Qd4 Qe6 42. f5 Qc6 43. Rd7 Ke8 44. Rd5 Qa4 45. Nd6+ 1-0

[Event "Cappelle Online Rapid op"]
[Site "Europe Echecs INT"]
[Date "2021.03.06"]
[Round "9"]
[White "Francois, Gwladys"]
[Black "De Hooghe, Albert"]
[Result "0-1"]
[WhiteElo "1824"]
[BlackElo "2094"]
[PlyCount "58"]
[EventDate "2021.03.06"]
[EventType "swiss (rapid)"]
[EventRounds "9"]
[EventCountry "FRA"]
[SourceTitle "CBM 201 Extra"]
[Source "ChessBase"]
[SourceDate "2021.05.31"]
[SourceVersion "1"]
[SourceVersionDate "2021.05.31"]
[SourceQuality "1"]

1. e4 e6 2. d4 d5 3. Nd2 Nf6 4. e5 Nfd7 5. f4 c5 6. c3 Nc6 7. Ngf3 cxd4 8. cxd4 Qb6 9. Nb3 Bb4+ 10. Bd2 a5 11. Bxb4 Qxb4+ 12. Qd2 Qb6 13. Be2 f6 14. 0-0 a4 15. Nc1 fxe5 16. fxe5 Ndxe5 17. Nxe5 Nxe5 18. Bh5+ g6 19. Be2 Nf7 20. Kh1 0-0 21. b3 Bd7 22. Bg4 Nd6 23. Rxf8+ Rxf8 24. bxa4 Ne4 25. Qe2 Qxd4 26. Bxe6+ Bxe6 27. Rb1 Nf2+ 28. Kg1 Nh3+ 29. Kh1 Qg1# 0-1

[Event "Cappelle Online Rapid op"]
[Site "Europe Echecs INT"]
[Date "2021.03.06"]
[Round "7"]
[White "Jacquot, David"]
[Black "De Hooghe, Albert"]
[Result "1-0"]
[WhiteElo "1830"]
[BlackElo "2094"]
[PlyCount "71"]
[EventDate "2021.03.06"]
[EventType "swiss (rapid)"]
[EventRounds "9"]
[EventCountry "FRA"]
[SourceTitle "CBM 201 Extra"]
[Source "ChessBase"]
[SourceDate "2021.05.31"]
[SourceVersion "1"]
[SourceVersionDate "2021.05.31"]
[SourceQuality "1"]

1. d4 Nf6 2. Nf3 e6 3. Bg5 d5 4. Nbd2 c5 5. e3 Nc6 6. c3 Bd6 7. Bd3 0-0 8. Bh4 e5 9. dxe5 Nxe5 10. Nxe5 Bxe5 11. 0-0 h6 12. f4 Bc7 13. Bc2 Re8 14. Qf3 Qd6 15. Bxf6 Qxf6 16. Rae1 Bd7 17. Qxd5 Bc6 18. Qd3 g6 19. Qe2 Rad8 20. Rf2 b5 21. e4 c4 22. e5 Qh4 23. Be4 Bxe4 24. Nxe4 Bb6 25. g3 Qh3 26. Nf6+ Kg7 27. Nxe8+ Rxe8 28. Qf1 Qf5 29. Kg2 Bxf2 30. Qxf2 Rd8 31. e6 Qd5+ 32. Kg1 fxe6 33. Qxa7+ Rd7 34. Qe3 Kf7 35. Kf2 Qh5 36. Qxe6+ 1-0

[Event "Cappelle Online Bullet op"]
[Site "Europe Echecs INT"]
[Date "2021.03.05"]
[Round "12"]
[White "De Hooghe, Albert"]
[Black "Guliyev, Namig"]
[Result "0-1"]
[WhiteElo "2094"]
[BlackElo "2538"]
[PlyCount "98"]
[EventDate "2021.03.05"]
[EventType "swiss (blitz)"]
[EventRounds "15"]
[EventCountry "FRA"]
[SourceTitle "EXT 2022"]
[Source "ChessBase"]
[SourceDate "2021.10.06"]
[SourceVersion "1"]
[SourceVersionDate "2021.10.06"]
[SourceQuality "1"]

1. d4 d5 2. c4 dxc4 3. Nf3 Nf6 4. e3 a6 5. Bxc4 b5 6. Bb3 Bb7 7. 0-0 Nbd7 8. Nbd2 c5 9. Re1 c4 10. Bc2 e6 11. e4 Be7 12. e5 Nd5 13. Ne4 Nb4 14. Bb1 Rc8 15. a3 Nd3 16. Bxd3 cxd3 17. Qxd3 Nb6 18. Bg5 0-0 19. Bxe7 Qxe7 20. Nfg5 Bxe4 21. Nxe4 Nc4 22. Re2 Rfd8 23. Qg3 Rxd4 24. Nf6+ Kh8 25. Nh5 Rg8 26. Rae1 Rh4 27. Nf4 g5 28. Nd3 Rd4 29. Nb4 Rc8 30. Nc2 Rd2 31. Ne3 Rxe2 32. Rxe2 Nxe3 33. fxe3 Rc1+ 34. Kf2 h6 35. Qh3 Kg7 36. Qg4 Qc5 37. Qe4 Rc4 38. Qd3 Qxe5 39. e4 Qc5+ 40. Re3 Rc1 41. Kg3 Rc2 42. Rf3 Rxb2 43. e5 Qxe5+ 44. Kh3 Re2 45. g4 Re4 46. Rg3 Rf4 47. Qd2 Qf6 48. Qg2 h5 49. gxh5 Rh4# 0-1

[Event "Cappelle Online Bullet op"]
[Site "Europe Echecs INT"]
[Date "2021.03.05"]
[Round "10"]
[White "De Hooghe, Albert"]
[Black "Saya, Ethan"]
[Result "1-0"]
[WhiteElo "2094"]
[BlackElo "2230"]
[PlyCount "69"]
[EventDate "2021.03.05"]
[EventType "swiss (blitz)"]
[EventRounds "15"]
[EventCountry "FRA"]
[SourceTitle "EXT 2022"]
[Source "ChessBase"]
[SourceDate "2021.10.06"]
[SourceVersion "1"]
[SourceVersionDate "2021.10.06"]
[SourceQuality "1"]

1. d4 e5 2. dxe5 Nc6 3. Nf3 d6 4. Bf4 Nge7 5. exd6 cxd6 6. Qxd6 Qa5+ 7. Bd2 Qb6 8. Nc3 Ng6 9. Qg3 Be6 10. e4 0-0-0 11. Bd3 Bd6 12. Qg5 h6 13. Qe3 Bc5 14. Qe2 Nd4 15. Nxd4 Bxd4 16. 0-0 Rhe8 17. Rab1 Kb8 18. a4 a6 19. a5 Qa7 20. Na4 Bd7 21. Nb6 Bxb6 22. axb6 Qxb6 23. Be3 Qc7 24. Bxa6 bxa6 25. Qxa6 Qb7 26. Qa5 Bc6 27. Ra1 Bxe4 28. Qc3 Bc6 29. Ra7 Qxa7 30. Bxa7+ Kxa7 31. Qc5+ Kb7 32. Ra1 Rd5 33. Ra7+ Kb8 34. Qb6+ Bb7 35. Qxb7# 1-0

[Event "Cappelle Online Bullet op"]
[Site "Europe Echecs INT"]
[Date "2021.03.05"]
[Round "15"]
[White "Defromont, Benjamin"]
[Black "De Hooghe, Albert"]
[Result "1-0"]
[WhiteElo "2246"]
[BlackElo "2094"]
[PlyCount "77"]
[EventDate "2021.03.05"]
[EventType "swiss (blitz)"]
[EventRounds "15"]
[EventCountry "FRA"]
[SourceTitle "EXT 2022"]
[Source "ChessBase"]
[SourceDate "2021.10.06"]
[SourceVersion "1"]
[SourceVersionDate "2021.10.06"]
[SourceQuality "1"]

1. g4 c5 2. g5 d6 3. Nf3 h6 4. d4 hxg5 5. dxc5 g4 6. Ng1 d5 7. c4 d4 8. e3 e5 9. exd4 exd4 10. Ne2 Bxc5 11. a3 a5 12. Nd2 d3 13. Ng3 Qe7+ 14. Nde4 f5 15. Bxd3 fxe4 16. Bxe4 Nf6 17. Qc2 Nc6 18. 0-0 Nd4 19. Qd3 Be6 20. Be3 Rd8 21. Bxd4 Bxd4 22. Qe2 Kf8 23. Rad1 g6 24. Rfe1 Qh7 25. Nf1 g3 26. hxg3 Bf5 27. Bg2 Ng4 28. Rxd4 Rxd4 29. Qe8+ Kg7 30. Re7+ Kh6 31. Rxh7+ Rxh7 32. Qe7 Rd7 33. Qh4+ Kg7 34. Qg5 Rh5 35. Qf4 Nf6 36. c5 Re7 37. c6 bxc6 38. Qd6 Rd7 39. Qe5 1-0

[Event "Cappelle Online Bullet op"]
[Site "Europe Echecs INT"]
[Date "2021.03.05"]
[Round "5"]
[White "Levannier Gouel, Marius"]
[Black "De Hooghe, Albert"]
[Result "0-1"]
[WhiteElo "1676"]
[BlackElo "2094"]
[PlyCount "40"]
[EventDate "2021.03.05"]
[EventType "swiss (blitz)"]
[EventRounds "15"]
[EventCountry "FRA"]
[SourceTitle "EXT 2022"]
[Source "ChessBase"]
[SourceDate "2021.10.06"]
[SourceVersion "1"]
[SourceVersionDate "2021.10.06"]
[SourceQuality "1"]

1. e4 c5 2. Nf3 d6 3. Nc3 Nf6 4. e5 dxe5 5. Nxe5 e6 6. g3 Bd6 7. Nc4 Bc7 8. Bg2 0-0 9. d3 a6 10. 0-0 Ra7 11. a4 b6 12. Be3 Bb7 13. Bxb7 Rxb7 14. Bg5 Nbd7 15. Nd5 exd5 16. Ne5 Bxe5 17. Qf3 Bxb2 18. Rab1 Be5 19. Rfe1 Qc7 20. Qxd5 Nxd5 0-1

[Event "Cappelle Online Bullet op"]
[Site "Europe Echecs INT"]
[Date "2021.03.05"]
[Round "13"]
[White "Solodovnichenko, Yuri"]
[Black "De Hooghe, Albert"]
[Result "1-0"]
[WhiteElo "2546"]
[BlackElo "2094"]
[PlyCount "113"]
[EventDate "2021.03.05"]
[EventType "swiss (blitz)"]
[EventRounds "15"]
[EventCountry "FRA"]
[SourceTitle "EXT 2022"]
[Source "ChessBase"]
[SourceDate "2021.10.06"]
[SourceVersion "1"]
[SourceVersionDate "2021.10.06"]
[SourceQuality "1"]

1. e4 c5 2. d4 d6 3. dxc5 dxc5 4. Qxd8+ Kxd8 5. Be3 e6 6. Nd2 Nc6 7. 0-0-0 Kc7 8. Nc4 Nf6 9. Bf4+ e5 10. Nxe5 Nxe5 11. Bxe5+ Kb6 12. f3 Be6 13. Ne2 Nd7 14. Bg3 Be7 15. Nc3 a6 16. Nd5+ Bxd5 17. Rxd5 Nf6 18. Rd2 Rhd8 19. Bd3 Nh5 20. Bf2 Bg5 21. b4 Bxd2+ 22. Kxd2 Kc6 23. Bxc5 b6 24. Be3 Nf6 25. Ke2 Rd7 26. c4 b5 27. cxb5+ axb5 28. Rc1+ Kb7 29. Rc2 Rd6 30. Bxb5 Nd7 31. a4 Nb6 32. a5 Nc8 33. Bf4 Rd4 34. Rc7+ Kb8 35. Rd7+ Nd6 36. Bxd6+ Kc8 37. Rc7+ Kd8 38. Bf4 Rxb4 39. Rd7+ Kc8 40. Rd5 Rb2+ 41. Ke3 Rxa5 42. Bd7+ Kb7 43. Rxa5 Kb6 44. Rd5 Rb3+ 45. Rd3 Rb2 46. Be5 Rb1 47. Bd4+ Kc7 48. Bf5 Kc6 49. Rc3+ Kb7 50. Bd7 Ka6 51. Bc6 Ka5 52. Bc5 Ra1 53. e5 Ra3 54. f4 Rxc3+ 55. Kd4 Rxc5 56. Kxc5 Ka6 57. f5 1-0

[Event "Cappelle Online Bullet op"]
[Site "Europe Echecs INT"]
[Date "2021.03.05"]
[Round "7"]
[White "Viani, Antonio Dcunha"]
[Black "De Hooghe, Albert"]
[Result "1-0"]
[WhiteElo "2397"]
[BlackElo "2094"]
[PlyCount "129"]
[EventDate "2021.03.05"]
[EventType "swiss (blitz)"]
[EventRounds "15"]
[EventCountry "FRA"]
[SourceTitle "EXT 2022"]
[Source "ChessBase"]
[SourceDate "2021.10.06"]
[SourceVersion "1"]
[SourceVersionDate "2021.10.06"]
[SourceQuality "1"]

1. e4 c5 2. d4 cxd4 3. Nf3 Nc6 4. Nxd4 Nxd4 5. Qxd4 d6 6. Nc3 Nf6 7. Bg5 g6 8. Bxf6 exf6 9. Bc4 Be7 10. 0-0-0 Be6 11. Bb5+ Kf8 12. Nd5 Kg7 13. Nxe7 Qxe7 14. Qxd6 Qxd6 15. Rxd6 a6 16. Ba4 Rhc8 17. Bb3 Bxb3 18. axb3 Rc7 19. Rhd1 Rac8 20. c3 Re8 21. f3 f5 22. exf5 gxf5 23. R1d2 Re1+ 24. Kc2 Rce7 25. Rd7 Kf6 26. Rxe7 Kxe7 27. Kd3 Rh1 28. g3 Ke6 29. f4 Rf1 30. Kd4 Re1 31. Kc5 Ke7 32. Kb6 h5 33. Kxb7 h4 34. gxh4 Re4 35. c4 Rxf4 36. Kxa6 Rxh4 37. c5 f4 38. c6 Rh8 39. c7 Rc8 40. Kb7 Rf8 41. c8Q Rxc8 42. Kxc8 Ke6 43. b4 Ke5 44. b5 Ke4 45. b6 Ke3 46. Rc2 Kd3 47. Rc3+ Kd4 48. b7 Ke4 49. b8Q f3 50. Qb7+ Kd4 51. Qxf3 Ke5 52. Qe3+ Kf6 53. Rc5 Kg7 54. Qe5+ Kg6 55. Rc7 f6 56. Qe7 Kg5 57. Qg7+ Kf5 58. Qf7 Ke5 59. Rc5+ Kd4 60. Rc6 Ke5 61. Re6+ Kd4 62. Qd7+ Kc5 63. Rc6+ Kb5 64. Qb7+ Ka5 65. Ra6# 1-0

[Event "Cappelle op 32nd"]
[Site "Cappelle la Grande"]
[Date "2016.02.17"]
[Round "6"]
[White "Mu, Ke"]
[Black "De Hooghe, Albert"]
[Result "0-1"]
[WhiteElo "2412"]
[BlackElo "2096"]
[PlyCount "38"]
[EventDate "2016.02.13"]
[EventType "swiss"]
[EventRounds "9"]
[EventCountry "FRA"]
[SourceTitle "EXT 2017"]
[Source "ChessBase"]
[SourceDate "2016.10.25"]
[SourceVersion "1"]
[SourceVersionDate "2016.10.25"]
[SourceQuality "1"]

1. d4 d5 2. c4 dxc4 3. Nf3 Nf6 4. e3 e6 5. Bxc4 c5 6. 0-0 Nc6 7. Nc3 cxd4 8. exd4 Be7 9. Bg5 0-0 10. Qd2 Na5 11. Bd3 b6 12. Rad1 Bb7 13. Ne5 Nd5 14. Be3 Rc8 15. Ne4 f5 16. Ng5 Nxe3 17. Nxe6 Nxf1 18. Bxf1 Qd6 19. Nxf8 Rxf8 0-1